Študent na odbornej praxi z pohľadu mzdovej účtovníčky

Novela č. 61/2015 Z. z. zákona č. 184/2009 Z. z. o odbornom vzdelávaní a príprave a o zmene a doplnení niektorých zákonov. Čo priniesla novela v odbornom vzdelávaní a praktickom vyučovaní. Finančná motivácia žiaka. Odmena za produktívnu prácu, ktorú vypláca zamestnávateľ. Zamestnávateľ ako platiteľ...

Descrizione completa

Salvato in:
Dettagli Bibliografici
Autore principale: Matlovičová, Iveta
Natura: Capitolo di libro
Lingua:slovacco
Soggetti:
Tags: Aggiungi Tag
Nessun Tag, puoi essere il primo ad aggiungerne!!

MARC

LEADER 00000naa a2200000 4500
001 0248093
005 20181005095209.6
041 0 |a slo 
044 |a SK 
245 1 0 |a Študent na odbornej praxi z pohľadu mzdovej účtovníčky  |c Iveta Matlovičová 
520 |a Novela č. 61/2015 Z. z. zákona č. 184/2009 Z. z. o odbornom vzdelávaní a príprave a o zmene a doplnení niektorých zákonov. Čo priniesla novela v odbornom vzdelávaní a praktickom vyučovaní. Finančná motivácia žiaka. Odmena za produktívnu prácu, ktorú vypláca zamestnávateľ. Zamestnávateľ ako platiteľ dane. Poskytovanie podnikového štipendia. 
610 2 0 |a vzdelávanie 
610 2 0 |a školy odborné 
610 2 0 |a práca 
610 2 0 |a študenti 
610 2 0 |a motivácia 
610 2 0 |a odmeny 
610 2 0 |a zamestnávatelia 
610 2 0 |a dane z príjmov 
100 1 |a Matlovičová, Iveta